000 01516nam a2200361 c 4500
003 BLK
005 20210427095351.0
008 180408b bul|||||r ||||||| ||bul||
010 _aKNG00098942000
020 _a978-954-344-114-3
_bиздат.: ПОНС България
040 _aBLK
041 _aDEU
_cDEU
072 7 _2bullib
_aН80
_xЕзикознание Н
080 _aНемски език (високонемски, стандартен писмен)
_b811.112.2
_x-5
_z811.112.2-5
100 1 _aMotta, Giorgio
_eпърви автор
_9305781
700 1 _aColombo, Roberta
_eсъавт.
_9305783
139 _aMotta, Giorgio et al.
_bM 89
245 1 0 _aDirekt zur Grammatik
_bUbungsgrammatik
_cGiorgio Motta; съавт. Roberta Colombo.
257 _aITA
260 Sofia
_bПОНС България
_c2009
_fПловдив : Багра
300 _a229 с.
_bс табл.
_c29 см
380 _a80
500 _aАвт. не са отбелязани на кор. ; Втората авт. отбелязана в библиогр. каре. - Изд. на Klett. - Съдържа и Речник ; Losungsschlussel. - Доп. тир. 2014.
650 4 _aНемски език - граматика
_9244518
653 _aнемски език
653 _aграматика
659 _aН
852 _aЦб ІІ 16477
856 4 _qpdf
_u
856 4 _qpdf
_u
942 _cKNG
_n0
_06
944 _aCR
_c12.01.2011
_lф /
_kГеновева_Генчева
944 _aED
_c01.12.2016
_lф /
_kЛюдмила_Стоянова
999 _c94124
_d94124